Endocrine System - Statistics

General Stats
  • This quiz has been taken 80 times
  • The average score is 7 of 10
Answer Stats
Answer % Correct
Pituitary gland
88%
Thyroid gland
88%
Adrenal glands
87%
Ovaries
85%
Testes
83%
Hypothalamus
79%
Pancreas
77%
Parathyroid glands
54%
Thymus
50%
Pineal gland
44%
No matching quizzes found
Score Distribution
Percent of People with Each Score
Percentile by Number Answered
Your Score History
You have not taken this quiz